000
00341nam a2200145Ia 4500
008
240112s2011 xx 000 0 und d
022
_a
13193767
041
_a
eng
082
_a
616.305
100
_a
MOFLESH I A.
245
_a
THE SAUDI JOURNAL OF GASTROENTOLOGY
260
_b
MEDKNOW
_c
2011
300
_a
325;HB
_c
41730
440
_v
16
999
_c
1143596
_d
1143596